000 00396nam a22001577a 4500
003 macl
005 20221207150057.0
008 221207b |||||||| |||| 00| 0 eng d
040 _cmacl
082 _a600
100 _aदृष्टि The vision
_981593
245 _aScience & Tech Notes [19] 2020
260 _bदृष्टि The vision
_c2020
650 _aScience
942 _2ddc
_cHIN
999 _c65723
_d65723